Pakistan in the twentieth century : a political history, (Record no. 185065)
[ view plain ]
| 000 -LEADER | |
|---|---|
| fixed length control field | 00953 a2200181 4500 |
| 003 - CONTROL NUMBER IDENTIFIER | |
| control field | Nust |
| 005 - DATE AND TIME OF LATEST TRANSACTION | |
| control field | 20221221094308.0 |
| 020 ## - INTERNATIONAL STANDARD BOOK NUMBER | |
| International Standard Book Number | 0195792769 |
| 040 ## - CATALOGING SOURCE | |
| Transcribing agency | Nust |
| 082 ## - DEWEY DECIMAL CLASSIFICATION NUMBER | |
| Classification number | 320.95491,ZIR |
| 100 ## - MAIN ENTRY--PERSONAL NAME | |
| Personal name | Ziring, Lawrence |
| 9 (RLIN) | 46682 |
| 245 ## - TITLE STATEMENT | |
| Title | Pakistan in the twentieth century : a political history, |
| Remainder of title | a political history / |
| Statement of responsibility, etc. | Lawrence Ziring |
| 260 ## - PUBLICATION, DISTRIBUTION, ETC. | |
| Place of publication, distribution, etc. | Karachi |
| Name of publisher, distributor, etc. | Oxford |
| Date of publication, distribution, etc. | 2000 |
| 300 ## - PHYSICAL DESCRIPTION | |
| Extent | 645:P.; |
| 505 ## - FORMATTED CONTENTS NOTE | |
| Formatted contents note | Before the Beginning (Page-1), The Formation of Pakistan (Page-23), The Agony of Partition (Page-54), The Pitfalls of Constitution Making (Page-54), The Failure of Conventional Political (Page-146), The Coming of Martial Law (Page-200), The Ayub Khan Era (Page-251), The Dismemberment of Pakistan (Page-317), The Bhutto Legacy (Page-371), The Ziaul Haq Decade (Page-423), Democracy Revisited (Page-503), The End of Beginning (Page-548), The Meaning of History (Page-605). |
| 650 ## - SUBJECT ADDED ENTRY--TOPICAL TERM | |
| Topical term or geographic name entry element | Pakistan |
| 942 ## - ADDED ENTRY ELEMENTS (KOHA) | |
| Source of classification or shelving scheme | |
| Koha item type | Book |
| Call number prefix | 320.95491,ZIR |
| Withdrawn status | Lost status | Source of classification or shelving scheme | Damaged status | Not for loan | Permanent Location | Current Location | Shelving location | Date acquired | Full call number | Barcode | Date last seen | Price effective from | Koha item type | Public note |
|---|---|---|---|---|---|---|---|---|---|---|---|---|---|---|
| Military College of Signals (MCS) | Military College of Signals (MCS) | General Stacks | 12/12/2016 | 320.95491,ZIR | MCS28124 | 12/08/2016 | 12/12/2016 | Book | Almirah No.49, Shelf No.5 |
